忘憂谷
| 資料類型: | 圖書 | 書目號: | 28385 |
Leader xxxxxxxxxx 001 __ PCLIS00028385 005 __ 20020103151754.54 010 0_ |a957-6630061|b平裝|dNT$150 020 __ |acw|b82005151 100 __ |a20020103d2002 0chib0109 e 101 0_ |achi 102 __ |acw 105 __ |aa z 000yy 200 1_ |a忘憂谷|e|f涵著|g 205 __ |a初版 210 __ |a臺北市|c文經社|d1986[民75] 215 0_ |a182面|c圖, 表|d21公分 225 1_ |a|v 681 __ |a855|b 700 __ |a文經|b社|4出版 801 __ |acw|b本館|c20020103 |